Valtioita naapurimaiden lippujen mukaan #2 - Statistics

Yleistilastot
  • Tätä visaa on pelattu 1 090 kertaa
  • Keskiarvotulos 14 / 20
Vastaustilastot
Liput Valtio % Oikein
Portugali
99%
Viro
85%
Vatikaani / San Marino
83%
Etelä-Korea
82%
Suomi
82%
Liechtenstein
77%
Moldova
76%
Monaco
76%
Luxemburg
74%
Bhutan / Nepal
69%
Meksiko
68%
Pakistan
66%
Suriname
64%
Jemen / Yhdistyneet arabiemiraatit
61%
Marokko
61%
Chile
57%
Vietnam
56%
Papua-Uusi-Guinea / Itä-Timor
55%
Dominikaaninen tasavalta
43%
Burundi
36%
Ehtoja vastaavia visoja ei löytynyt
Tulosjakauma
Jokaisen tuloksen saaneiden osuus
Persentiili vastausten määrän mukaan
Tuloshistoriasi
Et ole pelannut tätä visaa